000 02371cam a22005054i 4500
003 PE-LiUPU
005 20250731173353.0
008 150706s2006 sp a rb 001 0 spa d
020 _a8481647632
035 _a(Sirsi) i9788481647631
040 _aPE-LiUPU
_bspa
_cPE-LiUPU
_erda
049 _aPRUA
082 0 4 _a270
_bHC
_221
245 0 1 _aHistoria del cristianismo :
_bManuel Sotomayor, José Fernández Ubiña, coordinadores.
250 _a3 Edición.
264 1 _aMadrid :
_bTrotta,
_c2006.
300 _a943 páginas :
_bilustraciones;
_c24 centímetros
336 _atext
_2rdacontent
337 _aunmediated
_2rdamedia
338 _avolume
_2rdacarrier
504 _aBibliografía : páginas 905-910.
504 _aÍndice : páginas 931-943.
505 0 _aEl legado judío -- Jesús de Galilea -- Las primeras comunidades cristianas -- Los grandes centros de la expansión del cristianismo -- El cristianismo greco-romano -- El cristianismo y el imperio romano -- Constantino y el triunfo del cristianismo en el imperio romano -- El cristianismo marginado. Heterodoxos, cismáticos y herejes del siglo IV -- El imperio cristiano -- Estructuración de las iglesias cristianas -- Controversias doctrinales en el siglo V y VI -- El monacato cristiano -- El cristianismo y los pueblos germánicos -- El imperio romano de Bizancio. Conflictos religiosos -- El cristianismo en oriente -- El arte en el cristianismo antiguo.
526 _aSEG42
526 _aSEG41
526 _aSEG40
526 _aSEG39
526 _aP94
526 _aP87
526 _aP86
526 _aP85
526 _aP77
526 _aP76
526 _aP35
541 _g007-0020806;
650 0 4 _aCristianismo
_xHistoria.
700 1 _aFernández Ubiña, José,
_ecoord.
700 1 _aSotomayor, Manuel,
_ecoord.
910 _bjv
_cng
_d20100621
942 _2ddc
_cBOOK
949 _a270 HC 1
_wDEWEY
_c1
_i61914
_d2016-11-30
_e2016-11-25
_lCCODEBUL1
_mBUL
_n18
_p64.00
_r0
_sY
_tBOOK
_u2015-7-6
_xTEOLOGIA
_PP35
_0COMPRA
_o.STAFF. Colección Teología
994 _aC0
_bPEPRU
596 _a1
999 _a270 HC 1
_wDEWEY
_c51044
_i61914
_d51044
_e2019-6-20
_f2021-11-10
_g5
_lCCODEBUL1
_mBUL
_n23
_p64.00
_q20
_r0
_sY
_tBOOK
_u2015-7-6
_xTEOLOGIA
_PP35
_0COMPRA
_o.STAFF. Colección Teología
980 _81
_gALBERTO SANCHEZ Responsable de Automatización